<?xml version="1.0" encoding="UTF-8"?>
<record
    xmlns:xsi="http://www.w3.org/2001/XMLSchema-instance"
    xsi:schemaLocation="http://www.loc.gov/MARC21/slim http://www.loc.gov/standards/marcxml/schema/MARC21slim.xsd"
    xmlns="http://www.loc.gov/MARC21/slim">

  <leader>00908nmm a22002897a 4500</leader>
  <controlfield tag="005">20161024193202.0</controlfield>
  <controlfield tag="008">161019b        xxu||||| |||| 00| 0 spa d</controlfield>
  <datafield tag="041" ind1=" " ind2=" ">
    <subfield code="a">spa</subfield>
  </datafield>
  <datafield tag="082" ind1=" " ind2=" ">
    <subfield code="a">GT 42</subfield>
  </datafield>
  <datafield tag="100" ind1=" " ind2=" ">
    <subfield code="a">Araya Calvo, Yeinner</subfield>
    <subfield code="9">28907</subfield>
  </datafield>
  <datafield tag="100" ind1=" " ind2=" ">
    <subfield code="a">D&#xED;az Cubillo, Valeria</subfield>
    <subfield code="9">28908</subfield>
  </datafield>
  <datafield tag="100" ind1=" " ind2=" ">
    <subfield code="a">Hern&#xE1;ndez Hern&#xE1;ndez, Ra&#xED;za</subfield>
    <subfield code="9">28909</subfield>
  </datafield>
  <datafield tag="100" ind1=" " ind2=" ">
    <subfield code="a">Mar&#xED;n Soto, Natalia</subfield>
    <subfield code="9">28910</subfield>
  </datafield>
  <datafield tag="100" ind1=" " ind2=" ">
    <subfield code="a">Maroto Solano, Geraldine</subfield>
    <subfield code="9">28911</subfield>
  </datafield>
  <datafield tag="245" ind1=" " ind2=" ">
    <subfield code="a">Macrosistema de la Zona de los Santos</subfield>
  </datafield>
  <datafield tag="260" ind1=" " ind2=" ">
    <subfield code="c">2016</subfield>
  </datafield>
  <datafield tag="300" ind1=" " ind2=" ">
    <subfield code="a">110 p&#xE1;ginas</subfield>
  </datafield>
  <datafield tag="502" ind1=" " ind2=" ">
    <subfield code="a"> </subfield>
  </datafield>
  <datafield tag="650" ind1=" " ind2=" ">
    <subfield code="a">ATRACTIVOS TUR&#xCD;STICOS</subfield>
    <subfield code="9">5394</subfield>
  </datafield>
  <datafield tag="650" ind1=" " ind2=" ">
    <subfield code="a">IMPACTO MEDIOAMBIENTAL DEL TURISMO</subfield>
    <subfield code="9">28912</subfield>
  </datafield>
  <datafield tag="650" ind1=" " ind2=" ">
    <subfield code="a">IMPACTO SOCIOCULTURAL DEL TURISMO</subfield>
    <subfield code="9">28913</subfield>
  </datafield>
  <datafield tag="650" ind1=" " ind2=" ">
    <subfield code="a">TIPOLOG&#xCD;A DE LOS TURISTAS</subfield>
    <subfield code="9">28914</subfield>
  </datafield>
  <datafield tag="650" ind1=" " ind2=" ">
    <subfield code="a">PLANIFICACI&#xD3;N DEL DESARROLLO TUR&#xCD;STICO</subfield>
    <subfield code="9">28915</subfield>
  </datafield>
  <datafield tag="650" ind1=" " ind2=" ">
    <subfield code="a">CANT&#xD3;N DE DOTA</subfield>
    <subfield code="9">28916</subfield>
  </datafield>
  <datafield tag="650" ind1=" " ind2=" ">
    <subfield code="a">CANT&#xD3;N DE FRAILES</subfield>
    <subfield code="9">28917</subfield>
  </datafield>
  <datafield tag="942" ind1=" " ind2=" ">
    <subfield code="c">GT</subfield>
  </datafield>
  <datafield tag="999" ind1=" " ind2=" ">
    <subfield code="c">8551</subfield>
    <subfield code="d">8551</subfield>
  </datafield>
  <datafield tag="952" ind1=" " ind2=" ">
    <subfield code="0">0</subfield>
    <subfield code="1">0</subfield>
    <subfield code="4">0</subfield>
    <subfield code="7">0</subfield>
    <subfield code="a">BACB</subfield>
    <subfield code="b">BACB</subfield>
    <subfield code="d">2016-10-24</subfield>
    <subfield code="g">62720.00</subfield>
    <subfield code="l">1</subfield>
    <subfield code="o">GT 42</subfield>
    <subfield code="p">GT42</subfield>
    <subfield code="r">2018-08-16 00:00:00</subfield>
    <subfield code="s">2018-08-07</subfield>
    <subfield code="w">2016-10-24</subfield>
    <subfield code="y">GT</subfield>
  </datafield>
</record>
